01334 a2200253 4500003000500000005001700005010001600022020002200038020002100060040000900081082001600090100002800106245009300134260010100227300003400328440005800362505041400420650003500834700002400869700002900893942001300922999001900935952012600954Nust20220802175125.0 a 99159948 a0819426601 (SPIE) a0852969171 (IEE) cNust00a621.366,CAR1 aCarroll, John E.97860110aDistributed feedback semiconductor lasers /cJohn Carroll, James Whiteaway & Dick Plumb. aLondon, UK :bThe Institution of Electrical Engineers :bSPIE Optical Engineering Press,cc1998. axxv, 412 p. :bill. ;c25 cm. 0aIEE Circuits, devices and systems series ;v10996346 aThe Semi-Conductor Diode Laser (Page-1), Gain, Loose And Spontaneous Emission (Page-37), Principles Of Modeling Guided Waves (Page-76), Optical Energy Exchange In Guides (Page-97), Basic Principles Of Lasers With Distributed Feedback (Page-128), More Advanced Distributed Feedback Laser Design (Page-165), Numerical Modeling For DFB Lasers (Page-209), Future Devices, Modeling And Systems Analysis (Page-252). 0aTelecommunication Engineering.1 aPlumb, Dick.9963471 aWhiteaway, James.996348 cREF2ddc c175612d175612 00102ddc4070aMCSbMCScREFd2016-12-12o621.366,CARpMCS27405r2016-12-08w2016-12-12yREFzAlmirah No.20, Shelf No.4